IFM Opac

A Note on The Capacity to Transform and the Welfare Costs of Foreign Trade Fluctuations (Record no. 12587)

MARC details
000 -LEADER
fixed length control field 00449nam a22001577a 4500
020 ## - INTERNATIONAL STANDARD BOOK NUMBER
International Standard Book Number xxxxxxxxxx
082 ## - DEWEY DECIMAL CLASSIFICATION NUMBER
Classification number REF 382 BER
100 ## - MAIN ENTRY--PERSONAL NAME
Personal name Berry,Albert A.
245 ## - TITLE STATEMENT
Title A Note on The Capacity to Transform and the Welfare Costs of Foreign Trade Fluctuations
250 ## - EDITION STATEMENT
Edition statement Center paper No. 144
260 ## - PUBLICATION, DISTRIBUTION, ETC.
Place of publication, distribution, etc. Yale
Name of publisher, distributor, etc. Yale university
Date of publication, distribution, etc. 1970
300 ## - PHYSICAL DESCRIPTION
Extent 846p.
Other physical details ill.;22cm
500 ## - GENERAL NOTE
General note Includes references
700 ## - ADDED ENTRY--PERSONAL NAME
Personal name Hymer,Stephen H.
942 ## - ADDED ENTRY ELEMENTS (KOHA)
Koha item type Books
Holdings
Withdrawn status Lost status Damaged status Not for loan Collection code Home library Current library Shelving location Date acquired Total Checkouts Full call number Barcode Date last seen Price effective from Koha item type
        Reference IFM Main Campus Library IFM Main Campus Library Archival Collection 10/17/2015   REF 382 BER 0000012239 10/17/2015 02/19/2022 Books